00629nam a2200205Ia 450000500170000000800410001702000240005804000190008204100120010108200130011310000180012624500560014425000110020026000570021130000410026850400490030965000270035865100280038585000100041320180307141705.0131103s9999 xx 000 0 und d a8120320883cRs. 250 aLoreto College aEnglish a311bMAN aMangal, S. K. aStatistics in psychology and educationcS.K. Mangal a2nd ed aNew DelhibPrentice-Hall of India Private Ltd.c2002 ax,404p, graphs,charts, tables 24 cm. aIncludes bibliographical refernces and index aStatistics, Psychology aStatistics, Education  aLCLIB